| 000 | 00823nam a2200253Ia 4500 | ||
|---|---|---|---|
| 003 | OSt | ||
| 005 | 20220923224536.0 | ||
| 006 | a|||||r|||| 00| 0 | ||
| 007 | ta | ||
| 008 | 220922b |||||||| |||| 00| 0 hin d | ||
| 020 | _c60 | ||
| 024 | _a240,940 | ||
| 037 |
_b470, 23/02/2010, Vani Prakashan _cTextual |
||
| 040 |
_aARTS _cARTS _bhin |
||
| 041 |
_2hin _ahin |
||
| 082 | _aO152,8N24x, M3;P3 | ||
| 100 |
_aपरसाई, हरिशंकर _9156279 |
||
| 245 | 0 | _aकाग भगोड़ा | |
| 246 | _aKāg bhagoड़ā | ||
| 260 |
_aनयी दिल्ली _b वाणी प्रकाशन _c1983 |
||
| 300 |
_a96पृ. _ccm. |
||
| 942 |
_hO152,8N24x, M3;P3 _cTEXL _2CC |
||
| 999 |
_c372076 _d372076 |
||